| 000 | 00499nam a22001811a 4500 | ||
|---|---|---|---|
| 001 | 10341 | ||
| 003 | OSt | ||
| 005 | 20260204212155.0 | ||
| 008 | 081104s2005||||dr ||||||b||||||||||spa|| | ||
| 050 | _aRD 345.052 P848e | ||
| 100 | _aPotentini, Salvador | ||
| 245 | _aLa extradición en el nuevo proceso penal dominicano / Salvador Potentini | ||
| 264 | _aSanto Domingo : Dalis | ||
| 300 | _a224 p | ||
| 500 | _aIncluye bibliografía | ||
| 650 | _aExtradición 2.Derecho PenalÌ | ||
| 942 |
_2ddc _cBK |
||
| 999 |
_c10341 _d10341 |
||